[Event "FIDE WYCC 2016 U16 boys"]
[Site "Khanty Mansiysk"]
[Date "2016.09.23"]
[Round "2.3"]
[White "Mirzoyan, David"]
[Black "Martirosyan, Haik M"]
[Result "0-1"]
[WhiteElo "2322"]
[BlackElo "2470"]
[Annotator "Reinhold Goldau"]
[PlyCount "64"]
[EventDate "2016.09.??"]
[EventType "swiss"]
[EventRounds "11"]
[EventCountry "RUS"]
[SourceTitle "Youth Database"]
[Source "CBase R.Goldau"]
[SourceDate "2000.03.01"]
[WhiteClock "0:07:00"]
[BlackClock "0:29:34"]

1. d4 d6 2. c4 f5 3. Nc3 Nf6 4. Bg5 Nbd7 5. Qc2 g6 6. O-O-O Bg7 7. h4 h6 8.
Bxf6 Nxf6 9. Nh3 c6 10. e3 Qa5 11. Nf4 g5 12. Ng6 Rg8 13. h5 Bd7 14. Bd3 e6 15.
e4 fxe4 16. Bxe4 Kd8 17. Kb1 Re8 18. f3 Rb8 19. d5 Kc7 20. dxe6 Bxe6 21. Bd5
Bd7 22. Bf7 Bf5 23. Nb5+ Qxb5 24. cxb5 Bxc2+ 25. Kxc2 Re2+ 26. Rd2 Re3 27. bxc6
bxc6 28. Bc4 Nd7 29. b3 Rc3+ 30. Kb1 Rxc4 31. Rhd1 d5 32. Re2 Bf6 0-1

[Event "FIDE WYCC 2016 U16 boys"]
[Site "Khanty Mansiysk"]
[Date "2016.09.23"]
[Round "2.4"]
[White "Moroni, Luca Jr"]
[Black "Janik, Igor"]
[Result "1/2-1/2"]
[WhiteElo "2459"]
[BlackElo "2322"]
[Annotator "Reinhold Goldau"]
[PlyCount "109"]
[EventDate "2016.09.??"]
[EventType "swiss"]
[EventRounds "11"]
[EventCountry "RUS"]
[SourceTitle "Youth Database"]
[Source "CBase R.Goldau"]
[SourceDate "2000.03.01"]
[WhiteClock "0:01:15"]
[BlackClock "0:20:14"]

1. d4 d6 2. Nf3 g6 3. c4 Bg7 4. Nc3 Bg4 5. g3 Bxf3 6. exf3 e6 7. Bg2 Ne7 8. O-O
O-O 9. f4 d5 10. cxd5 exd5 11. g4 c6 12. Qd3 Qd7 13. Re1 Na6 14. Na4 Rae8 15.
h3 Nc8 16. Be3 Nd6 17. b3 Re7 18. Rac1 Rfe8 19. Bf1 Qd8 20. Red1 Nc7 21. Nc5
Ne6 22. Bg2 Bh6 23. Qd2 Qb8 24. Rc2 Bg7 25. a4 Rd8 26. Qd3 f5 27. b4 a6 28. Rb1
Nc7 29. Bf3 Rf8 30. g5 Rfe8 31. h4 Nc4 32. Rxc4 dxc4 33. Qxc4+ Kh8 34. Rb3 Rd8
35. Nd3 Ne6 36. Ne5 Qd6 37. Rd3 Nxf4 38. Bxf4 Bxe5 39. Bxe5+ Rxe5 40. dxe5 Qxd3
41. Qf7 Qd4 42. Qe7 Rg8 43. Kg2 Qxh4 44. Qf6+ Rg7 45. Qf8+ Rg8 46. Qf6+ Rg7 47.
e6 Qf4 48. Qf8+ Rg8 49. Qf6+ Rg7 50. Qf8+ Rg8 51. e7 Qb8 52. Qf6+ Rg7 53. Bd1
Qe8 54. Qf8+ Rg8 55. Qf6+ 1/2-1/2

[Event "FIDE WYCC 2016 U16 boys"]
[Site "Khanty Mansiysk"]
[Date "2016.09.23"]
[Round "2.5"]
[White "Poleg, Dan"]
[Black "Triapishko, Olexandr"]
[Result "0-1"]
[WhiteElo "2321"]
[BlackElo "2458"]
[Annotator "Reinhold Goldau"]
[PlyCount "106"]
[EventDate "2016.09.??"]
[EventType "swiss"]
[EventRounds "11"]
[EventCountry "RUS"]
[SourceTitle "Youth Database"]
[Source "CBase R.Goldau"]
[SourceDate "2000.03.01"]

1. d4 Nf6 2. c4 g6 3. Nc3 d5 4. Bf4 Bg7 5. e3 O-O 6. Qb3 c5 7. cxd5 cxd4 8.
exd4 Nbd7 9. Be2 Nb6 10. Bf3 Bg4 11. Bxg4 Nxg4 12. Nf3 Nf6 13. d6 exd6 14. O-O
Qd7 15. a4 Nh5 16. Bg5 h6 17. Be3 Rfc8 18. Rfc1 Nf6 19. Bf4 g5 20. Bg3 Qc6 21.
Qb5 a6 22. Qxc6 Rxc6 23. Ra3 Rac8 24. Re1 Nfd5 25. h4 g4 26. Nd2 Nxc3 27. bxc3
d5 28. Nb1 Nc4 29. Rb3 Na5 30. Rb2 h5 31. Bf4 Bf6 32. g3 Re6 33. Rbe2 Rcc6 34.
Rxe6 fxe6 35. Be5 Be7 36. Bf4 Nc4 37. Nd2 Nb2 38. Rb1 Nxa4 39. Rxb7 Bf6 40.
Rb8+ Kf7 41. Nb1 Nxc3 42. Nxc3 Rxc3 43. Be5 Bxe5 44. dxe5 a5 45. Ra8 Ra3 46.
Kf1 a4 47. Rh8 Ra1+ 48. Ke2 a3 49. Rxh5 a2 50. Rh7+ Kg6 51. Ra7 d4 52. Ra3 d3+
53. Rxd3 Rb1 0-1

[Event "FIDE WYCC 2016 U16 boys"]
[Site "Khanty Mansiysk"]
[Date "2016.09.23"]
[Round "2.6"]
[White "Fawzy, Adham"]
[Black "Hilby, Craig"]
[Result "1-0"]
[WhiteElo "2451"]
[BlackElo "2319"]
[Annotator "Reinhold Goldau"]
[PlyCount "83"]
[EventDate "2016.09.??"]
[EventType "swiss"]
[EventRounds "11"]
[EventCountry "RUS"]
[SourceTitle "Youth Database"]
[Source "CBase R.Goldau"]
[SourceDate "2000.03.01"]

1. e4 e5 2. Nf3 Nc6 3. Bb5 a6 4. Bxc6 dxc6 5. O-O Bg4 6. h3 h5 7. d3 Qf6 8. Be3
Bxf3 9. Qxf3 Qxf3 10. gxf3 Bd6 11. Nd2 Ne7 12. Rfb1 Ng6 13. b4 f6 14. a4 Nh4
15. Kf1 Kd7 16. Ke2 g5 17. Nc4 Rhg8 18. c3 b6 19. Rd1 Ke6 20. Nxd6 Kxd6 21. d4
Rad8 22. c4 Ng2 23. a5 b5 24. cxb5 cxb5 25. Rac1 Nxe3 26. Kxe3 exd4+ 27. Rxd4+
Ke5 28. Rc5+ Ke6 29. Rc6+ Ke5 30. Rxd8 Rxd8 31. Rxa6 Rd1 32. Rc6 Re1+ 33. Kd3
Rd1+ 34. Ke2 Rb1 35. Rc5+ Kd4 36. Rxb5 Rb2+ 37. Kf1 Kc4 38. Rb8 c5 39. a6 Ra2
40. bxc5 Kxc5 41. Ra8 Kb6 42. Rf8 1-0

[Event "FIDE WYCC 2016 U16 boys"]
[Site "Khanty Mansiysk"]
[Date "2016.09.23"]
[Round "2.7"]
[White "Agmanov, Zhandos"]
[Black "Raghunandan, Kaumandur Srihari"]
[Result "1-0"]
[WhiteElo "2316"]
[BlackElo "2451"]
[Annotator "Reinhold Goldau"]
[PlyCount "83"]
[EventDate "2016.09.??"]
[EventType "swiss"]
[EventRounds "11"]
[EventCountry "RUS"]
[SourceTitle "Youth Database"]
[Source "CBase R.Goldau"]
[SourceDate "2000.03.01"]

1. e4 c5 2. Nf3 d6 3. d4 cxd4 4. Nxd4 Nf6 5. Nc3 a6 6. Be3 e5 7. Nf3 Qc7 8. a4
h6 9. a5 Be6 10. Nd5 Nxd5 11. exd5 Bf5 12. c4 Be7 13. Be2 O-O 14. O-O Nd7 15.
b4 Rac8 16. Rc1 Bh7 17. Qb3 Kh8 18. Rfd1 f5 19. c5 f4 20. cxd6 Qxd6 21. Bc5
Nxc5 22. bxc5 Rxc5 23. Rxc5 Qxc5 24. Nxe5 Bh4 25. Rf1 Re8 26. Nf7+ Kg8 27. d6
Kf8 28. Nh8 Qf5 29. Bd3 Bg8 30. Bxf5 Bxb3 31. Ng6+ Kf7 32. Nxh4 Kf6 33. Bd3 Rd8
34. Be4 Rxd6 35. Bxb7 g5 36. Nf3 g4 37. Nh4 Bd1 38. Re1 Be2 39. f3 g3 40. hxg3
fxg3 41. Be4 Rd2 42. Nf5 1-0

[Event "FIDE WYCC 2016 U16 boys"]
[Site "Khanty Mansiysk"]
[Date "2016.09.23"]
[Round "2.8"]
[White "Ozen, Bahadir"]
[Black "Livaic, Leon"]
[Result "1-0"]
[WhiteElo "2304"]
[BlackElo "2436"]
[Annotator "Reinhold Goldau"]
[PlyCount "65"]
[EventDate "2016.09.??"]
[EventType "swiss"]
[EventRounds "11"]
[EventCountry "RUS"]
[SourceTitle "Youth Database"]
[Source "CBase R.Goldau"]
[SourceDate "2000.03.01"]

1. d4 e6 2. Nf3 Nf6 3. Bg5 c5 4. e3 Be7 5. Nbd2 b6 6. c3 Bb7 7. Bd3 cxd4 8.
cxd4 O-O 9. e4 d6 10. O-O Nbd7 11. Re1 h6 12. Bh4 Nh5 13. Bg3 Nxg3 14. hxg3 Rc8
15. Nb1 Rc7 16. Nc3 Qa8 17. Qd2 a6 18. g4 b5 19. g5 hxg5 20. Nxg5 Qd8 21. f4 e5
22. Nd5 Bxd5 23. exd5 Bxg5 24. fxg5 g6 25. Re4 Kg7 26. Rf1 exd4 27. Qf4 Ne5 28.
Rxe5 dxe5 29. Qxe5+ Kg8 30. d6 Rd7 31. Rf6 Re8 32. Qd5 Kg7 33. Qxd4 1-0

[Event "FIDE WYCC 2016 U16 boys"]
[Site "Khanty Mansiysk"]
[Date "2016.09.23"]
[Round "2.9"]
[White "Askerov, Marat"]
[Black "Lobanov, Sergei"]
[Result "0-1"]
[WhiteElo "2299"]
[BlackElo "2432"]
[Annotator "Reinhold Goldau"]
[PlyCount "76"]
[EventDate "2016.09.??"]
[EventType "swiss"]
[EventRounds "11"]
[EventCountry "RUS"]
[SourceTitle "Youth Database"]
[Source "CBase R.Goldau"]
[SourceDate "2000.03.01"]

1. d4 Nf6 2. c4 e6 3. g3 d5 4. Nf3 Be7 5. Bg2 O-O 6. O-O b6 7. cxd5 exd5 8. Nc3
Bb7 9. Bf4 Na6 10. Rc1 c5 11. dxc5 bxc5 12. Ne5 Nc7 13. Na4 Ne6 14. Be3 Qc7 15.
Nd3 d4 16. Bf4 Nxf4 17. Nxf4 Rac8 18. Nxc5 Bxc5 19. b4 Bxg2 20. Nxg2 Qe5 21.
bxc5 Rxc5 22. Rxc5 Qxc5 23. Nf4 Ne4 24. Qd3 Nc3 25. Qd2 Re8 26. Rc1 h6 27. e3
dxe3 28. Qxc3 exf2+ 29. Kg2 Re1 30. Rxe1 Qxc3 31. Kxf2 Qd4+ 32. Kf1 g5 33. Ng2
Qc4+ 34. Re2 Kg7 35. Ne3 Qc1+ 36. Kg2 h5 37. h3 Qc6+ 38. Kg1 Qf3 0-1

[Event "FIDE WYCC 2016 U16 boys"]
[Site "Khanty Mansiysk"]
[Date "2016.09.23"]
[Round "2.10"]
[White "Gazik, Viktor"]
[Black "Zhu, Yi"]
[Result "1-0"]
[WhiteElo "2429"]
[BlackElo "2296"]
[Annotator "Reinhold Goldau"]
[PlyCount "95"]
[EventDate "2016.09.??"]
[EventType "swiss"]
[EventRounds "11"]
[EventCountry "RUS"]
[SourceTitle "Youth Database"]
[Source "CBase R.Goldau"]
[SourceDate "2000.03.01"]

1. d4 Nf6 2. Nf3 d6 3. c4 g6 4. g3 Bg7 5. Bg2 O-O 6. O-O Nbd7 7. Nc3 e5 8. e3
Re8 9. b3 c6 10. a4 exd4 11. Nxd4 a5 12. Ba3 Nc5 13. Qc2 Bd7 14. h3 Qc8 15. Kh2
Re5 16. Nce2 Nfe4 17. Nf4 Qf8 18. Rad1 f5 19. Nf3 Re7 20. Rxd6 Nxd6 21. Bxc5
Ne4 22. Bxe7 Qxe7 23. h4 Rd8 24. Rd1 Be8 25. Nd4 Bh6 26. Nh3 Bg7 27. Bf3 Bf6
28. Kg2 Nc5 29. Nf4 Rd6 30. Qb2 Ne4 31. Qc2 Nc5 32. Qb2 Ne4 33. Qc1 Nc5 34. Qb1
Qd8 35. Nfe2 Na6 36. Rc1 c5 37. Nb5 Rd2 38. Bd5+ Kg7 39. Rc2 Rxd5 40. cxd5
Qxd5+ 41. Kh2 Be5 42. Nf4 Qd7 43. Na3 b6 44. Nc4 Bc7 45. Qa1+ Kg8 46. Rd2 Qc6
47. Nd5 Bd8 48. Qe5 1-0

[Event "FIDE WYCC 2016 U16 boys"]
[Site "Khanty Mansiysk"]
[Date "2016.09.23"]
[Round "2.11"]
[White "Tran, Minh Thang"]
[Black "Costachi, Mihnea"]
[Result "1/2-1/2"]
[WhiteElo "2293"]
[BlackElo "2420"]
[Annotator "Reinhold Goldau"]
[PlyCount "33"]
[EventDate "2016.09.??"]
[EventType "swiss"]
[EventRounds "11"]
[EventCountry "RUS"]
[SourceTitle "Youth Database"]
[Source "CBase R.Goldau"]
[SourceDate "2000.03.01"]

1. d4 Nf6 2. c4 g6 3. Nf3 Bg7 4. g3 O-O 5. Bg2 d6 6. Nc3 Nbd7 7. O-O c6 8. e4
e5 9. h3 Re8 10. b3 exd4 11. Nxd4 Nc5 12. Re1 a5 13. Rb1 Nfd7 14. Be3 Ne5 15.
Qc2 a4 16. Rbd1 axb3 17. axb3 1/2-1/2

[Event "FIDE WYCC 2016 U16 boys"]
[Site "Khanty Mansiysk"]
[Date "2016.09.23"]
[Round "2.12"]
[White "Tahbaz, Arash"]
[Black "Tiglon, Bryce"]
[Result "0-1"]
[WhiteElo "2420"]
[BlackElo "2292"]
[Annotator "Reinhold Goldau"]
[PlyCount "62"]
[EventDate "2016.09.??"]
[EventType "swiss"]
[EventRounds "11"]
[EventCountry "RUS"]
[SourceTitle "Youth Database"]
[Source "CBase R.Goldau"]
[SourceDate "2000.03.01"]

1. e4 c5 2. Nf3 d6 3. Bb5+ Nd7 4. O-O a6 5. Bxd7+ Bxd7 6. d4 cxd4 7. Qxd4 e5 8.
Qd3 Rc8 9. c4 Qc7 10. b3 b5 11. Na3 Qa5 12. Nc2 bxc4 13. bxc4 h6 14. Ba3 Be6
15. Ne3 Nf6 16. Rfe1 Nxe4 17. Nd5 Nc5 18. Qe3 Be7 19. Rad1 Bxd5 20. Rxd5 O-O
21. Bxc5 Rxc5 22. Rxc5 dxc5 23. Qxe5 Bf6 24. Qe2 Rd8 25. g3 Qa4 26. Kg2 Rb8 27.
Rc1 Rb2 28. Qe4 Qxa2 29. Qa8+ Kh7 30. Qd5 Rxf2+ 31. Kh3 Qe2 0-1

[Event "FIDE WYCC 2016 U16 boys"]
[Site "Khanty Mansiysk"]
[Date "2016.09.23"]
[Round "2.13"]
[White "Mitrabha, Guha"]
[Black "Fakhrutdinov, Timur"]
[Result "0-1"]
[WhiteElo "2286"]
[BlackElo "2419"]
[Annotator "Reinhold Goldau"]
[PlyCount "130"]
[EventDate "2016.09.??"]
[EventType "swiss"]
[EventRounds "11"]
[EventCountry "RUS"]
[SourceTitle "Youth Database"]
[Source "CBase R.Goldau"]
[SourceDate "2000.03.01"]

1. d4 Nf6 2. Nf3 d5 3. c4 e6 4. g3 Bb4+ 5. Bd2 Be7 6. Bg2 O-O 7. O-O c6 8. Qc2
Nbd7 9. Bf4 b6 10. Rd1 Ba6 11. Ne5 Nxe5 12. dxe5 Ng4 13. h3 Nxf2 14. Kxf2 Bc5+
15. Be3 Bxe3+ 16. Kxe3 f6 17. Kf2 fxe5+ 18. Kg1 Qg5 19. Kh2 Rf2 20. cxd5 cxd5
21. Qc6 Raf8 22. Qxe6+ Kh8 23. Nc3 Bc8 24. h4 Bxe6 25. hxg5 d4 26. Ne4 Rxe2 27.
Rf1 Kg8 28. Rxf8+ Kxf8 29. Rf1+ Ke7 30. Rf2 Rxf2 31. Nxf2 Bxa2 32. Be4 Bg8 33.
Kg2 Kd6 34. Kf3 a5 35. Ke2 b5 36. Kd2 b4 37. Bc2 b3 38. Bd3 Kc6 39. Be4+ Kd6
40. Nd3 h6 41. gxh6 gxh6 42. Nf2 Be6 43. Ke2 Bc4+ 44. Bd3 Bd5 45. Ne4+ Kc6 46.
Nd2 Kc5 47. Be4 Be6 48. Nf3 Bd5 49. Nd2 Be6 50. Kd3 a4 51. Bg6 Bd5 52. Ne4+
Bxe4+ 53. Bxe4 Kb4 54. Bf5 a3 55. bxa3+ Kxa3 56. Kc4 Kb2 57. g4 Kc1 58. Kd5 Kd2
59. Kc4 b2 60. Kb3 d3 61. Kxb2 Ke2 62. Kc3 d2 63. Bc2 e4 64. Kd4 e3 65. Kc3
d1=Q 0-1

[Event "FIDE WYCC 2016 U16 boys"]
[Site "Khanty Mansiysk"]
[Date "2016.09.23"]
[Round "2.14"]
[White "Saydaliev, Saidakbar"]
[Black "Banzea, Alexandru Bogdan"]
[Result "1-0"]
[WhiteElo "2403"]
[BlackElo "2284"]
[Annotator "Reinhold Goldau"]
[PlyCount "81"]
[EventDate "2016.09.??"]
[EventType "swiss"]
[EventRounds "11"]
[EventCountry "RUS"]
[SourceTitle "Youth Database"]
[Source "CBase R.Goldau"]
[SourceDate "2000.03.01"]

1. e4 c6 2. d4 d5 3. e5 Bf5 4. Nf3 e6 5. Be2 Nd7 6. O-O Bg6 7. Nbd2 Nh6 8. Nb3
Nf5 9. a4 a6 10. a5 c5 11. c3 Rc8 12. g4 Nh4 13. Nxh4 Qxh4 14. Bf4 h5 15. Bg3
Qh3 16. f4 Be4 17. Bf3 Bxf3 18. Qxf3 hxg4 19. Qe2 Be7 20. f5 Bh4 21. Bxh4 Rxh4
22. fxe6 fxe6 23. Qg2 Ke7 24. Nxc5 Nxc5 25. dxc5 Rch8 26. Qxh3 Rxh3 27. Ra4 g3
28. Rb4 Kd8 29. Rxb7 Rxh2 30. Rff7 Rh1+ 31. Kg2 R8h2+ 32. Kf3 Rf2+ 33. Kxg3
Rxf7 34. Rxf7 Re1 35. Ra7 Rb1 36. b4 Rb3 37. Rxa6 Rxc3+ 38. Kf2 Rb3 39. Rb6 Kc8
40. a6 Ra3 41. b5 1-0

[Event "FIDE WYCC 2016 U16 boys"]
[Site "Khanty Mansiysk"]
[Date "2016.09.23"]
[Round "2.15"]
[White "Roshka, Yevgeniy"]
[Black "Kevlishvili, Robby"]
[Result "0-1"]
[WhiteElo "2275"]
[BlackElo "2402"]
[Annotator "Reinhold Goldau"]
[PlyCount "124"]
[EventDate "2016.09.??"]
[EventType "swiss"]
[EventRounds "11"]
[EventCountry "RUS"]
[SourceTitle "Youth Database"]
[Source "CBase R.Goldau"]
[SourceDate "2000.03.01"]

1. e4 c5 2. c3 Nf6 3. e5 Nd5 4. d4 cxd4 5. Qxd4 Nc7 6. Nf3 Nc6 7. Qe4 Ne6 8.
Bc4 g6 9. h4 h5 10. Bxe6 dxe6 11. c4 Bg7 12. O-O Qc7 13. Bf4 b6 14. Nc3 Bb7 15.
Qe2 O-O 16. Nb5 Qc8 17. Rad1 a6 18. Nc3 Na5 19. Rd4 Rd8 20. Rfd1 Rxd4 21. Rxd4
Qc5 22. Ne4 Qc8 23. b3 Nc6 24. Rd2 Qc7 25. Qd1 Rd8 26. Rxd8+ Nxd8 27. Ned2 Nc6
28. Qe2 Qd8 29. Qe3 b5 30. cxb5 axb5 31. Ne4 Nb4 32. Nc3 Qa5 33. Qe2 Bxf3 34.
gxf3 Nd5 35. Nxd5 exd5 36. e6 Bf6 37. exf7+ Kxf7 38. Bg3 b4 39. Kg2 Qc5 40. Qd2
d4 41. Qd3 Kg7 42. Kf1 Qc1+ 43. Ke2 g5 44. hxg5 Qxg5 45. Qe4 Qa5 46. Qb1 Qb5+
47. Qd3 Qa5 48. Qb1 Qa6+ 49. Kd2 h4 50. Bh2 Qc6 51. Qe4 Qc3+ 52. Ke2 Qb2+ 53.
Kf1 Qxa2 54. Qg4+ Kf8 55. Qc8+ Kf7 56. Qc4+ Kg7 57. Qxb4 Qb1+ 58. Kg2 Qg6+ 59.
Kf1 h3 60. Ke2 Qc2+ 61. Qd2 d3+ 62. Ke3 Bd4+ 0-1

[Event "FIDE WYCC 2016 U16 boys"]
[Site "Khanty Mansiysk"]
[Date "2016.09.23"]
[Round "2.16"]
[White "Mustafin, Andrey"]
[Black "Makhnyov, Denis"]
[Result "1/2-1/2"]
[WhiteElo "2242"]
[BlackElo "2375"]
[Annotator "Reinhold Goldau"]
[PlyCount "117"]
[EventDate "2016.09.??"]
[EventType "swiss"]
[EventRounds "11"]
[EventCountry "RUS"]
[SourceTitle "Youth Database"]
[Source "CBase R.Goldau"]
[SourceDate "2000.03.01"]

1. e4 e5 2. Nf3 Nc6 3. Bc4 Bc5 4. c3 Nf6 5. d3 O-O 6. O-O a6 7. Nbd2 Ba7 8. Bb3
d5 9. exd5 Nxd5 10. Ne4 Bf5 11. Re1 Re8 12. Ng3 Bg6 13. d4 e4 14. Ng5 e3 15.
Nf3 exf2+ 16. Kxf2 Rxe1 17. Qxe1 Na5 18. Bxd5 Qxd5 19. Qe5 c6 20. Qxd5 cxd5 21.
Ne5 f6 22. Nxg6 hxg6 23. Nf1 Nc4 24. Ne3 Nxe3 25. Bxe3 Rc8 26. Ke2 Bb8 27. h3
Bd6 28. Kd3 b5 29. b3 Rc7 30. a4 Rb7 31. axb5 axb5 32. Ra6 Bg3 33. Bc1 Kf7 34.
Ba3 Bc7 35. Bc5 g5 36. Kc2 Kg6 37. Re6 Bg3 38. Re3 Bf4 39. Re8 Kf7 40. Rd8 Ke6
41. Kb2 Rb8 42. Rxb8 Bxb8 43. Ka3 Kd7 44. Bf8 g6 45. Kb4 Kc6 46. Be7 f5 47.
Bxg5 Bd6+ 48. Ka5 Bc7+ 49. Ka6 Bg3 50. Be7 Be1 51. Bb4 Bg3 52. Ka7 Bf4 53. Bc5
Bg3 54. Ka6 Be1 55. Bb4 Bg3 56. Ba3 Be1 57. Bb2 Bg3 58. Ka7 Bf4 59. Ba3 1/2-1/2

[Event "FIDE WYCC 2016 U16 boys"]
[Site "Khanty Mansiysk"]
[Date "2016.09.23"]
[Round "2.17"]
[White "Elistratov, Semen"]
[Black "Cadilhac, Igor Tokuichi Kikuc"]
[Result "1-0"]
[WhiteElo "2371"]
[BlackElo "2269"]
[Annotator "Reinhold Goldau"]
[PlyCount "54"]
[EventDate "2016.09.??"]
[EventType "swiss"]
[EventRounds "11"]
[EventCountry "RUS"]
[SourceTitle "Youth Database"]
[Source "CBase R.Goldau"]
[SourceDate "2000.03.01"]

1. e4 c5 2. Nf3 d6 3. d4 cxd4 4. Nxd4 Nf6 5. Nc3 g6 6. Be3 Bg7 7. f3 O-O 8. Qd2
Nc6 9. Bc4 Bd7 10. O-O-O Rc8 11. Bb3 Ne5 12. Kb1 Nc4 13. Bxc4 Rxc4 14. g4 b5
15. b3 b4 16. bxc4 bxc3 17. Qxc3 Qc7 18. h4 Rc8 19. h5 d5 20. hxg6 hxg6 21. Bh6
Bh8 22. Bc1 dxe4 23. Rxh8+ Kxh8 24. Nb3 Kg8 25. Bb2 g5 26. Qd2 Be6 27. Qxg5+
Kf8 1-0

[Event "FIDE WYCC 2016 U16 boys"]
[Site "Khanty Mansiysk"]
[Date "2016.09.23"]
[Round "2.18"]
[White "Trubchaninov, Timur"]
[Black "Urban, Konstantin"]
[Result "0-1"]
[WhiteElo "2233"]
[BlackElo "2361"]
[Annotator "Reinhold Goldau"]
[PlyCount "140"]
[EventDate "2016.09.??"]
[EventType "swiss"]
[EventRounds "11"]
[EventCountry "RUS"]
[SourceTitle "Youth Database"]
[Source "CBase R.Goldau"]
[SourceDate "2000.03.01"]

1. e4 c5 2. Nf3 d6 3. d4 cxd4 4. Nxd4 Nf6 5. Nc3 a6 6. h3 e5 7. Nde2 h5 8. Bg5
Be7 9. g3 Be6 10. Bg2 Nbd7 11. a4 Rc8 12. O-O O-O 13. Qd2 Qc7 14. Rac1 Rfd8 15.
b3 Nf8 16. Rfd1 Qd7 17. Kh2 b5 18. axb5 axb5 19. f4 b4 20. Na2 Qb5 21. f5 Nxe4
22. Bxe4 Bxg5 23. Qxg5 Qxe2+ 24. Bg2 Nh7 25. Qd2 Qxd2 26. Rxd2 Bxf5 27. Nxb4
Nf6 28. Re1 e4 29. c4 Rd7 30. Nc2 d5 31. Ne3 Bg6 32. cxd5 Rc3 33. b4 Rb3 34.
Rd4 Rb7 35. d6 R3xb4 36. Rxb4 Rxb4 37. Rd1 Rb7 38. Bf1 Kf8 39. Nc4 Bf5 40. Kg1
Nd7 41. Rc1 g6 42. Bg2 Rb4 43. Rc3 Be6 44. Ne3 f5 45. Rc1 Rd4 46. Rf1 Rd3 47.
Nxf5 gxf5 48. Bxe4 Rxg3+ 49. Kh2 Rg5 50. h4 Rg6 51. Bxf5 Bxf5 52. Rxf5+ Nf6 53.
Kh3 Kf7 54. Re5 Rg1 55. Re7+ Kg6 56. Ra7 Rd1 57. Ra6 Rd3+ 58. Kg2 Kf5 59. Rb6
Kf4 60. Rb4+ Ne4 61. Rb5 Rd2+ 62. Kf1 Rxd6 63. Kg2 Rd2+ 64. Kf1 Ng3+ 65. Ke1
Ra2 66. Rb4+ Kf3 67. Rb3+ Kg4 68. Rb4+ Kh3 69. Rc4 Re2+ 70. Kd1 Re4 0-1

[Event "FIDE WYCC 2016 U16 boys"]
[Site "Khanty Mansiysk"]
[Date "2016.09.23"]
[Round "2.19"]
[White "Lodici, Lorenzo"]
[Black "Villca, Julian"]
[Result "1-0"]
[WhiteElo "2359"]
[BlackElo "2234"]
[Annotator "Reinhold Goldau"]
[PlyCount "58"]
[EventDate "2016.09.??"]
[EventType "swiss"]
[EventRounds "11"]
[EventCountry "RUS"]
[SourceTitle "Youth Database"]
[Source "CBase R.Goldau"]
[SourceDate "2000.03.01"]

1. Nf3 Nf6 2. d4 e6 3. g3 c5 4. Bg2 Nc6 5. O-O cxd4 6. Nxd4 Qa5 7. Nb3 Qc7 8.
c4 Be7 9. Nc3 a6 10. Bf4 d6 11. c5 e5 12. cxd6 Qxd6 13. Qxd6 Bxd6 14. Rfd1 exf4
15. Rxd6 Ke7 16. Rad1 Rd8 17. Rxd8 Nxd8 18. gxf4 Be6 19. Na5 Rc8 20. Nxb7 Nxb7
21. Bxb7 Rb8 22. Bxa6 Rxb2 23. a4 Rc2 24. Rd3 Bf5 25. Re3+ Kd8 26. Bd3 Rc1+ 27.
Kg2 Be6 28. Bb5 Ra1 29. Rd3+ Nd7 1-0

[Event "FIDE WYCC 2016 U16 boys"]
[Site "Khanty Mansiysk"]
[Date "2016.09.23"]
[Round "2.20"]
[White "Marais, Daniel"]
[Black "Mesaros, Florian"]
[Result "0-1"]
[WhiteElo "1850"]
[BlackElo "2321"]
[Annotator "Reinhold Goldau"]
[PlyCount "78"]
[EventDate "2016.09.??"]
[EventType "swiss"]
[EventRounds "11"]
[EventCountry "RUS"]
[SourceTitle "Youth Database"]
[Source "CBase R.Goldau"]
[SourceDate "2000.03.01"]

1. e4 c5 2. d4 cxd4 3. f4 Nc6 4. Nf3 d5 5. e5 Bg4 6. Bd3 e6 7. O-O h5 8. h3
Bxf3 9. Qxf3 g6 10. Nd2 Nh6 11. c4 dxc3 12. bxc3 Bc5+ 13. Kh1 Nf5 14. Nb3 Bb6
15. Ba3 Qh4 16. Bxf5 gxf5 17. Nc5 Na5 18. Bb4 Bxc5 19. Bxc5 Nc4 20. Rfd1 Qd8
21. Rab1 b6 22. Bd6 Rc8 23. Qd3 Rg8 24. Bb4 h4 25. Qe2 a5 26. Bd6 Rc6 27. Qf2
Rg3 28. Rb5 Rxc3 29. Qd4 Rg3 30. Rxd5 exd5 31. Qxd5 Qd7 32. Rc1 Rc5 33. Qd4
Nxd6 34. exd6 Rxc1+ 35. Kh2 Rxg2+ 36. Kxg2 Qc6+ 37. Kf2 Qc2+ 38. Ke3 Re1+ 39.
Kf3 Qe2# 0-1

[Event "FIDE WYCC 2016 U16 boys"]
[Site "Khanty Mansiysk"]
[Date "2016.09.23"]
[Round "2.21"]
[White "Sorokin, Aleksey"]
[Black "Doluweera, Minul Sanjula"]
[Result "1-0"]
[WhiteElo "2437"]
[BlackElo "2127"]
[Annotator "Reinhold Goldau"]
[PlyCount "67"]
[EventDate "2016.09.??"]
[EventType "swiss"]
[EventRounds "11"]
[EventCountry "RUS"]
[SourceTitle "Youth Database"]
[Source "CBase R.Goldau"]
[SourceDate "2000.03.01"]

1. e4 c5 2. Nf3 d6 3. d4 cxd4 4. Nxd4 Nf6 5. Nc3 g6 6. Be3 Bg7 7. f3 O-O 8. Bc4
Nc6 9. Qd2 Bd7 10. O-O-O Rc8 11. Bb3 Nxd4 12. Bxd4 b5 13. Bxa7 Qa5 14. Bd4 b4
15. Nd5 Nxd5 16. Bxg7 Nc3 17. Bxf8 Nxa2+ 18. Bxa2 Qxa2 19. Qd4 e5 20. Qxb4 Ba4
21. c3 Rxf8 22. Qa3 Qxa3 23. bxa3 Bxd1 24. Rxd1 Ra8 25. Kb2 Ra6 26. Kb3 Kf8 27.
a4 Ke7 28. Ra1 Rb6+ 29. Kc2 Kd7 30. Rb1 Ra6 31. Rb7+ Ke6 32. Kb3 d5 33. exd5+
Kxd5 34. Rxf7 1-0

[Event "FIDE WYCC 2016 U16 boys"]
[Site "Khanty Mansiysk"]
[Date "2016.09.23"]
[Round "2.22"]
[White "Gholami, Aryan"]
[Black "Hiebert, Kenji"]
[Result "1-0"]
[WhiteElo "2435"]
[BlackElo "2066"]
[Annotator "Reinhold Goldau"]
[PlyCount "65"]
[EventDate "2016.09.??"]
[EventType "swiss"]
[EventRounds "11"]
[EventCountry "RUS"]
[SourceTitle "Youth Database"]
[Source "CBase R.Goldau"]
[SourceDate "2000.03.01"]

1. Nf3 c5 2. b3 d6 3. e4 Nf6 4. Nc3 Nc6 5. Bb5 Bd7 6. O-O a6 7. Bxc6 Bxc6 8. d3
e6 9. Bb2 Be7 10. Nd2 O-O 11. f4 b5 12. Qe2 Nd7 13. Nd1 Qc7 14. Ne3 Bf6 15.
Bxf6 Nxf6 16. Rf3 d5 17. e5 Ne8 18. Ng4 a5 19. Rg3 a4 20. Nf6+ Kh8 21. Qh5 h6
22. Ng4 Kh7 23. Nxh6 gxh6 24. Rh3 Kg8 25. Qxh6 f6 26. Rg3+ Ng7 27. exf6 Rf7 28.
fxg7 Rxg7 29. Qxe6+ Kf8 30. Qf6+ Rf7 31. Qh8+ Ke7 32. Re1+ Kd7 33. Qh3+ 1-0

[Event "FIDE WYCC 2016 U16 boys"]
[Site "Khanty Mansiysk"]
[Date "2016.09.23"]
[Round "2.23"]
[White "Nikitenko, Mihail"]
[Black "Kalinouski, Siarhei"]
[Result "1-0"]
[WhiteElo "2399"]
[BlackElo "2169"]
[Annotator "Reinhold Goldau"]
[PlyCount "63"]
[EventDate "2016.09.??"]
[EventType "swiss"]
[EventRounds "11"]
[EventCountry "RUS"]
[SourceTitle "Youth Database"]
[Source "CBase R.Goldau"]
[SourceDate "2000.03.01"]

1. Nf3 d5 2. g3 g6 3. Bg2 Bg7 4. O-O Nf6 5. c4 c6 6. d4 O-O 7. b3 Nbd7 8. Bb2
Ne4 9. Nbd2 Ndf6 10. Rc1 e6 11. e3 Re8 12. Qe2 Nd7 13. Rfd1 f5 14. Ne1 Qa5 15.
a3 b5 16. cxd5 cxd5 17. Nd3 a6 18. Nxe4 fxe4 19. Nf4 Bb7 20. h4 Qb6 21. Bh3 Qd6
22. Bc3 Qb6 23. Qg4 Nf6 24. Qg5 a5 25. Be1 Bc8 26. Rc5 Bd7 27. Rdc1 Re7 28. h5
h6 29. Qxg6 Rf8 30. Rc7 Be8 31. Bxe6+ Kh8 32. Rxe7 1-0